Paris Saint-Germain Squad 2024-2025 - Statistics

General Stats
  • This quiz has been taken 452 times
    329 since last reset
  • The average score is 20 of 26
Answer Stats
# Position Nation Player % Correct
2 DF Morocco Achraf Hakimi
98%
1 GK Italy Gianluigi Donnarumma
98%
10 FW France Ousmane Dembélé
97%
8 MF Spain Fabián Ruiz
95%
17 MF Portugal Vitinha
94%
5 DF Brazil Marquinhos
93%
14 FW France Désiré Doué
92%
7 FW Georgia Khvicha Kvaratskhelia
92%
9 FW Portugal Gonçalo Ramos
89%
25 DF Portugal Nuno Mendes
89%
29 FW France Bradley Barcola
88%
19 MF South Korea Kang-in Lee
88%
51 DF Ecuador Willian Pacho
88%
87 MF Portugal João Neves
87%
- Coach Spain Luis Enrique
85%
3 DF France Presnel Kimpembe
79%
37 DF Slovakia Milan Škriniar
69%
33 MF France Warren Zaïre-Emery
69%
11 FW Spain Marco Asensio
67%
35 DF Brazil Lucas Beraldo
65%
21 DF France Lucas Hernández
65%
39 GK Russia Matvey Safonov
64%
24 MF France Senny Mayulu
59%
23 FW France Randal Kolo Muani
53%
80 GK Spain Arnau Tenas
49%
42 DF France Yoram Zague
26%
No matching quizzes found
Score Distribution
Percent of People with Each Score
Percentile by Number Answered
Your Score History
You have not taken this quiz since the last reset